000 01039nam a22003017a 4500
001 BR7804532
003 BR-BrBNA
005 20230928085652.0
007 ta
008 230509b bl.||||| |||| 00| 0 por d
040 _aBR-BrBNA
_bpor
_cBiblioteca Nacional de Agricultura
041 _a(Por)
072 _aU20
_b/G302
_b/G514
090 _ U20 BR7804532
100 1 _aNocetti, M.A.
110 1 _aEmpresa Brasileira de Pesquisa Agropecuaria, Brasilia, DF. Depto. de Informacao e Documentacao
_93872
245 1 _aAutomacao de Sistemas, Centros de Documentacao e Bibliotecas do setor agricola: panorama mundial com enfase nas experiencias latino-Americanas e particularmente brasileiras
260 3 _aBrasilia, DF (Brasil):
_c1978.
300 _a23 p.
500 _aBibliography p. 18-23 (51 ref.); Summaries (Eng, Fre, Por)
650 _aDocumentacao
650 _aAutomacao
650 _aBiblioteca
650 _aSistema de informacao
650 _aAmerica Latina
909 _a202309
_bLucia
_c55
_dLucia Elande
942 _cBK
999 _c25681
_d25681